| 000 | 00439nam a22001817a 4500 | ||
|---|---|---|---|
| 003 | NUST - PNEC | ||
| 005 | 20170116181140.0 | ||
| 008 | 151007b xxu||||| |||| 00| 0 eng d | ||
| 020 | _a870023136 | ||
| 040 | _cLIBRARY | ||
| 082 | _a671 JOH | ||
| 100 |
_914568 _aJohnson, Harold V. |
||
| 245 |
_aTechnical metals, _cHarold V.Johnson, |
||
| 250 | _a2nd ed. | ||
| 260 | _cc.1981 | ||
| 648 |
_914565 _aMetal-work _yME |
||
| 942 |
_2ddc _cBK |
||
| 999 |
_c70436 _d70436 |
||